| 000 | 003600000a22001570004500 | ||
|---|---|---|---|
| 001 | 002708 | ||
| 003 | MACL | ||
| 040 | _aMACL | ||
| 090 |
_c14701 _d14700 |
||
| 100 | _aBanerjee, Himadri | ||
| 245 |
_aThe Other Sikhs _bA View From Eastern India Vol I _cHimadri Banerjee |
||
| 260 |
_aManohar, _c2007 |
||
| 350 | _a395 | ||
| 650 | _aReligion | ||
| 942 |
_k295 _cBook |
||
| 999 |
_c14617 _d14617 |
||